01011cam a22002651 4500001001300000003000400013005001700017008004100034010001700075035001900092040004700111042001200158050002200170082001100192100002900203245004900232260007700281300006700358490006700425504007500492504003000567650004200597650004200639810006400681gs 37000233 DLC20260227111342.0770628s1936 lauab b 001 0 eng c ags 37000233  a(OCoLC)3079791 aU.S. Geol. Survey. Libr.cFPeUdOCoLCdDLC apremarc00aQE117b.A22 no. 9 a557.631 aChawner, William Donald.10aGeology of Catahoula and Concordia Parishes. aNew Orleans,bDept. of Conservation, Louisiana Geological Survey,c1936. axiii, 232 p.billus., 3 fold. maps (in pocket) tables.c23 cm.1 aLouisiana. Dept. of Conservation. Geological bulletinvno. 9 a"Partial and selected list of maps dealing with the area": p. 193-196. aBibliography: p. 197-211. 0aGeologyzLouisianazCatahoula Parish. 0aGeologyzLouisianazConcordia Parish.2 aLouisiana Geological Survey.tGeological bulletin ;vno. 9.